清朝在不平等条约中开放的通商口岸 Qing Dynasty treaty ports opened in unequal treaties - Statistics

General Stats
  • This quiz has been taken 358 times
    302 since last reset
  • The average score is 21 of 46
Answer Stats
时间 首次开放条约 口岸 % Correct
1842 中英南京条约 广州
96%
1842 中英南京条约 厦门
95%
1860 中英北京条约 天津、大沽
94%
1842 中英南京条约 宁波
93%
1842 中英南京条约 上海
93%
1842 中英南京条约 福州
91%
1858 中英天津条约 登州(烟台)
83%
1858 中英天津条约 南京
83%
1860 中法北京条约 大连
82%
1858 中英天津条约 汉口
77%
1890 中英烟台条约续增专条 重庆
73%
1851 中俄伊犁塔尔巴哈台通商章程 伊犁
71%
1895 中日马关条约 苏州
71%
1895 中日马关条约 杭州
69%
1858 中美天津条约 潮州/汕头
64%
1876 中英烟台条约 温州
63%
1895 中日马关条约 沙市
54%
1858 中英天津条约 淡水
47%
1858 中英天津条约 九江
47%
1881 中俄伊犁条约 乌鲁木齐
46%
1876 中英烟台条约 北海
45%
1858 中俄天津条约 琼州
44%
1858 中英天津条约 镇江
42%
1860 中俄北京条约 喀什噶尔
42%
1851 中俄伊犁塔尔巴哈台通商章程 塔尔巴哈台
40%
1858 中英天津条约 牛庄(营口)
39%
1876 中英烟台条约 宜昌
37%
1876 中英烟台条约 芜湖
37%
1881 中俄伊犁条约 哈密
29%
1881 中俄伊犁条约 吐鲁番
29%
1893 中英藏印议定附约 亚东
29%
1897 中英续议缅甸条约附款 三水(江根墟)
28%
1858 中俄天津条约 台南
27%
1885 中法续议商务专条 龙州
20%
1860 中俄北京条约 库伦
19%
1897 中英续议缅甸条约附款 腾越(腾冲)
19%
1895 中法续议商务专条附章 河口
16%
1881 中俄伊犁条约 古城(奇台)
15%
1895 中法续议商务专条附章 思茅
14%
1860 中俄北京条约 张家口
13%
1897 中英续议缅甸条约附款 梧州
13%
1881 中俄伊犁条约 乌里雅苏台
11%
1885 中法续议商务专条 蒙自
10%
1885 中法续议商务专条 蛮耗(蔓耗)
9%
1881 中俄伊犁条约 科布多
7%
1881 中俄伊犁条约 肃州(嘉峪关)
6%
No matching quizzes found
Score Distribution
Percent of People with Each Score
Percentile by Number Answered
Your Score History
You have not taken this quiz since the last reset